000 00726pam a2200277 a 4500
001 14064
003 BD-JhCC
005 20240912131257.0
008 921223s1993 nyu b 001 0 eng
020 _a921206108
035 _a(BD-JhCC)14064
040 _aDLC
_cDLC
_dDLC
041 _aenglish
050 0 0 _aBF701
_bC676 1993
082 0 0 _a153.42
_220
_bKAH 2013
100 1 _aKahneman,Daniel
245 1 4 _aThinking, Fast and Slow /
_cDaniel Kahneman.
250 _a1st ed.
260 _aNew York :
_bSoundview Executive Book Summaries;
_c2013.
300 _a499 p. ;
_c24 cm.
650 0 _a Decision making
650 0 _aIntuition
650 0 _aThought and thinking
_zthinking
942 _2ddc
_cBK
999 _c14064
_d14064